Equivalencias entre gastos de susbsistencia para hogares tipo de la Ciudad Autónoma de Buenos Aires (Registro nro. 22869)

Detalles MARC
000 -LEADER
fixed length control field 00410 a2200121 4500
001 - CONTROL NUMBER
control field ART_42346
005 - DATE AND TIME OF LATEST TRANSACTION
control field 20260410161827.0
008 - FIXED-LENGTH DATA ELEMENTS--GENERAL INFORMATION
fixed length control field 260409a
100 1# - MAIN ENTRY--PERSONAL NAME
Personal name Echeverría, Lucía
245 10 - TITLE STATEMENT
Title Equivalencias entre gastos de susbsistencia para hogares tipo de la Ciudad Autónoma de Buenos Aires
700 1# - ADDED ENTRY--PERSONAL NAME
Personal name Berges, Miriam
773 0# - HOST ITEM ENTRY
Title FACES
Related parts - Año 21, Nº 44 (ene./jun. 2015)
Record control number REV5046

No hay ítems disponibles.